Statistics for Disney Theme Park Characters

Click here to take the quiz!

General Stats

  • This quiz has been taken 26 times
  • The average score is 4 of 15

Answer Stats

HintCharacter% Correct
Purple dragon that takes you on a "journey into imagination"Figment
96%
Fat Country Bear that plays the guitarBig Al
48%
The Disney BearDuffy
48%
Ghost head in a glass ballMadame Leota
30%
Country Bear with puckered-up lipsLiver Lips McGrowl
26%
Bear created to be a friend of the aboveShellieMay
26%
Interactive talking trash canPush
22%
Tall skeleton Hitchhiking GhostEzra
17%
Short bearded prisoner Hitchhiking GhostGus
17%
Star Tours pilot droidRX-24 (Rex)
17%
Florida Citrus Commission/Sun Tree Terrace MascotOrange Bird
13%
Chubby traveler Hitchhiking GhostPhineas
13%
Jovial man and creator of #1Dreamfinder
9%
Owner of the Hotel HightowerHarrison Hightower III
9%
Audio-animatronic dinosaurLucky
9%

Score Distribution

Percentile by Number Answered

Percent of People with Each Score

Your Score History

You have not taken this quiz